000 00589nam a2200133Ia 4500
008 171212s9999 xx 000 0 und d
020 _a9780731537334
100 _aPeebles, Dave
245 _cPeebles, Dave
_aPacific Regional Order
260 _bANU E Press
_c2005
650 _aPolitical Science
650 _aRegionalism -- Pacific Area; National security -- Economic aspects -- Pacific Area; Economic policy -- Pacific Area; National security -- Pacific Area; Pacific Area -- Economic integration; Pacific Area -- Foreign relations
856 _uwww.jstor.org/stable/10.2307/j.ctt2jbk4c
999 _c351243
_d351243